Générique du Grand Décryptage - Statistiques

Statistiques générales
  • Ce quiz a été pris 4 fois
  • Le résultat moyen est 13 sur 34
Statistiques - réponses
Réponse % Correct
Immature
75%
Mensonge
75%
Secret
75%
Argent
50%
Bas de Plafond
50%
C'était le Grand Décryptage
50%
Chaussure
50%
Optimisation Fiscale
50%
Domination
50%
Frangipane
50%
Intérêt
50%
Le Grand Décryptage
50%
Magouille
50%
Nul à Chier
50%
Sans Intérêt
50%
Absence de Réflexion
25%
Caricatural
25%
Corruption
25%
Dissimulation
25%
Analyse Peu Fournie
25%
Manipulation
25%
Influence
25%
Médiocre
25%
Méprisant
25%
Pas Objectif
25%
Poussif
25%
Pouvoir
25%
Pression
25%
Profit
25%
Réducteur
25%
Rentabilité
25%
Silence
25%
Travail Bâclé
25%
Vulgaire
25%
Aucun quiz correspondant
Distribution des résultats
% des personnes avec chaque résultat
Percentile par nombre de réponses
Votre historique - résultats
Vous n’avez pas pris ce quiz